| 000 | 00899 a2200217 4500 | ||
|---|---|---|---|
| 005 | 20260317124623.0 | ||
| 008 | 260317b |||||||| |||| 00| 0 eng d | ||
| 020 | _a9789385054921 (hbk) | ||
| 037 | _cTB | ||
| 040 |
_aCRL _cCRL |
||
| 041 |
_2hin _ahin |
||
| 084 |
_aO152,3N44x Q6 _qCRL |
||
| 100 |
_aसिद्धार्थ, सुशील _9864042 |
||
| 245 | _aमैत्रेयी पुष्पा रचना संचयन | ||
| 260 |
_aनयी दिल्ली: _bकिताबघर प्रकाशन, _c2016. |
||
| 300 | _a583पृ. | ||
| 650 | _aहिन्दी कहानी | ||
| 650 | _aहिन्दी साहित्य | ||
| 942 |
_cTB _2CC _hO152,3N44x Q6 |
||
| 999 |
_c1467552 _d1467552 |
||